00501nam a2200193 a 4500001001300000003000900013005001700022008004100039020001000080082001700090100002900107245001900136260004400155300000900199500003500208505001900243650001600262700002900278nice12345678IN_TiNIC20260116015038.0050803s2000 bana grp 000 0 hin  ac10000a220.543bBIB aBible Society Of India,  aDharam Shastar aBangalorebBible Society of Indiac2000 a366p aincludes index and biblioraphy2 aResponce Sheet aBible-Hindi1 aBible Society Of India,